000 01520cam a22004574i 4500
003 PE-LiUPU
005 20250731173534.0
008 150616s r 000 0 d
020 _a0802806643
035 _a(Sirsi) i9780802806642
040 _aPE-LiUPU
_bspa
_cPE-LiUPU
_erda
049 _aPRUA
082 0 4 _a241.1742
_bT89
_221
100 1 _aVerhey, Allen,
_eautor.
245 1 0 _aTheological Voices in Medical Ethics.
264 1 _aGrand Rapids, Michigan :
_bWilliam B. Eerdmans Publishing Company,
_c1993.
300 _a256 páginas ;
_c22 centímetros
336 _atext
_2rdacontent
337 _aunmediated
_2rdamedia
338 _avolume
_2rdacarrier
505 0 _aRediscoverin religious traditions in medical ethics.- A covenat-Centered ethic for medicine.
526 _aSEG42
526 _aSEG41
526 _aSEG40
526 _aSEG39
526 _aP94
526 _aP87
526 _aP86
526 _aP85
526 _aP77
526 _aP76
526 _aP35
650 1 4 _aÉtica médica.
910 _ajck
_bjvq
_cjck
942 _2ddc
_cBOOK
949 _a241.1742 T89
_wDEWEY
_c1
_i42678
_lCCODEBUL1
_mBUL
_r0
_sY
_tBOOK
_u2015-6-16
_xTEOLOGIA
_zUNKNOWN
_0COMPRA
_o.STAFF. Colección General
994 _aC0
_bPEPRU
596 _a1
999 _a241.1742 T89
_wDEWEY
_c60214
_i42678
_f2021-11-10
_g5
_lCCODEBUL1
_mBUL
_r0
_sY
_tBOOK
_u2015-6-16
_xTEOLOGIA
_zUNKNOWN
_0COMPRA
_o.STAFF. Colección General
_d60214
980 _81
_gALBERTO SANCHEZ Responsable de Automatización